| 000 | 00642nam a2200205 4500 | ||
|---|---|---|---|
| 001 | 131092 | ||
| 003 | ES-MaACL | ||
| 005 | 20250828114219.0 | ||
| 007 | t| | ||
| 008 | 070214s1978 sp r ||||1| spa d | ||
| 100 | 1 |
_aRoberts, Thomas. _997844 |
|
| 245 | 1 | 0 |
_aCuatro psicologías aplicadas a la educación / _cThomas Roberts ; [traducción de Aurora Cameno]. |
| 260 |
_aMadrid : _bNarcea, _c1978. |
||
| 300 |
_a2 v. ; _c24 cm. |
||
| 490 | 1 | _aEducación hoy | |
| 700 | 1 |
_aCameno, Aurora. _934053 |
|
| 830 | 0 | 0 |
_aColección educación hoy (Narcea) _9220320 |
| 852 |
_aES-MaACL _jA-9699-9700 _bR.98893 |
||
| 999 |
_c131092 _d131092 |
||